Statistics for Top Data Structures

Click here to take the quiz!

General Stats

  • This quiz has been taken 45 times
  • The average score is 6 of 8

Answer Stats

Answer% Correct
Array | List | String
97%
Tree
94%
Queue
81%
Stack
71%
Graph
68%
Hash
68%
Linked List
58%
Heap
48%

Score Distribution

Percentile by Number Answered

Percent of People with Each Score

Your Score History

You have not taken this quiz